[Event "SVK-ch U10"]
[Site "Tatralandia"]
[Date "2024.04.06"]
[Round "2"]
[White "Chmelik, Juraj"]
[Black "Viglas, Richard"]
[Result "0-1"]
[WhiteElo "1456"]
[BlackElo "1654"]
[PlyCount "68"]
[EventDate "2024.04.05"]
[EventType "swiss"]
[EventRounds "9"]
[EventCountry "SVK"]
[SourceTitle "CB16_2024"]
[SourceDate "2024.04.17"]
[SourceVersion "1"]
[SourceVersionDate "2024.04.17"]
[SourceQuality "1"]

1. e4 d5 2. exd5 Qxd5 3. Nc3 Qa5 4. d4 Nf6 5. Nf3 Bf5 6. Bc4 e6 7. Bg5 Be7 8. 0-0 Nbd7 9. Re1 Bg4 10. Qd3 Bxf3 11. Bxf6 Bxf6 12. Qxf3 c6 13. Rad1 0-0 14. Qe4 Qc7 15. Bd3 g6 16. Re3 Nb6 17. Rh3 Rfd8 18. Ne2 Qd6 19. c3 Qd5 20. Qf4 Be7 21. Qh6 Bf6 22. Qxh7+ Kf8 23. Nf4 Qg5 24. Bxg6 Rd7 25. Bxf7 Qxf4 26. Qg8+ Ke7 27. Qh7 Kd6 28. Re1 Kc7 29. Rhe3 Rf8 30. Rxe6 Rfxf7 31. Qh3 Bxd4 32. cxd4 Qxf2+ 33. Kh1 Qf1+ 34. Rxf1 Rxf1# 0-1

[Event "SVK-ch U08"]
[Site "Dudince"]
[Date "2023.04.16"]
[Round "1"]
[White "Viglas, Richard"]
[Black "Kurnavka, Juraj"]
[Result "1-0"]
[WhiteElo "1242"]
[BlackElo "1000"]
[PlyCount "113"]
[EventDate "2023.04.16"]
[EventType "swiss"]
[EventRounds "9"]
[EventCountry "SVK"]
[SourceTitle "CBM 213 Extra"]
[Source "ChessBase"]
[SourceDate "2023.05.31"]
[SourceVersion "1"]
[SourceVersionDate "2023.05.31"]
[SourceQuality "1"]

1. e4 e5 2. Nf3 Nc6 3. Bc4 Bb4 4. Nc3 Bxc3 5. dxc3 b6 6. 0-0 h6 7. Be3 Nf6 8. Qd3 0-0 9. Rad1 Na5 10. Nxe5 Qe8 11. Nf3 Qxe4 12. Qxe4 Nxe4 13. Bd3 Nc5 14. Be2 Ba6 15. Bxa6 Nxa6 16. Rxd7 Nc4 17. b3 Nxe3 18. fxe3 Rac8 19. Ne5 f6 20. Ng6 Rfd8 21. Ne7+ Kf8 22. Nxc8 Rxc8 23. Rfd1 Re8 24. Rd8 Rxd8 25. Rxd8+ Ke7 26. Ra8 Nc5 27. Rxa7 Ne4 28. Rxc7+ Kd6 29. Rxg7 Nxc3 30. a3 Ne4 31. Rg4 Ng5 32. h4 f5 33. hxg5 hxg5 34. Rxg5 Ke5 35. Rg6 f4 36. exf4+ Kxf4 37. Rxb6 Ke5 38. Rb4 Kd6 39. Rb5 Kc6 40. Rh5 Kd7 41. Rh6 Ke7 42. Kf2 Kf7 43. Kf3 Kg7 44. Ra6 Kf7 45. Ke4 Ke7 46. Kd5 Kf7 47. Ke5 Kg7 48. Kf5 Kh7 49. Kg5 Kg7 50. Ra7+ Kf8 51. Kf6 Ke8 52. Rh7 Kd8 53. Ke6 Kc8 54. Kd6 Kb8 55. Kc6 Ka8 56. Kb6 Kb8 57. Rh8# 1-0